Statistics for Women of the Bible

Click here to take the quiz!

General Stats

  • This quiz has been taken 3,976 times
    (3,973 since last reset)
  • The average score is 9 of 14

Answer Stats

HintAnswer% Correct
Listened to the serpent and ate the forbidden fruitEve
99%
Mother of the savior of the worldMary
96%
Related to MordecaiEsther
83%
Left everything she knew for a land she did not knowRuth
83%
Sat on her father's idol and lied about itRachel
70%
Did the cooking and cleaning when Jesus visitedMartha
69%
Sister of the woman aboveLeah
62%
Betrayed her Lover for her own goodDelilah
60%
Mother of the wisest King of IsraelBathsheba
56%
The first female leader of IsraelDeborah
49%
Loved the one twin more than the otherRebekah
43%
Betrayed her own city for a greater goodRahab
41%
The only daughter of IsraelDinah
32%
Married her husband's fatherTamar
27%

Score Distribution

Percentile by Number Answered

Percent of People with Each Score

Your Score History

You have not taken this quiz since the last reset